|
|
|
|
| LEADER |
00000cam a22000004a 4500 |
| 001 |
musev2_3175 |
| 003 |
MdBmJHUP |
| 005 |
20230905040412.0 |
| 006 |
m o d |
| 007 |
cr||||||||nn|n |
| 008 |
080715s2008 txu o 00 0 eng d |
| 010 |
|
|
|z 2008031022
|
| 020 |
|
|
|a 9780292793804
|
| 020 |
|
|
|z 0292718780
|
| 020 |
|
|
|z 0292793804
|
| 020 |
|
|
|z 9780292718784
|
| 035 |
|
|
|a (OCoLC)427155363
|
| 040 |
|
|
|a MdBmJHUP
|c MdBmJHUP
|
| 043 |
|
|
|a np-----
|
| 050 |
0 |
4 |
|a E99.K5
|b M44 2008
|
| 082 |
0 |
|
|a 978.004/97492
|2 22
|
| 100 |
1 |
|
|a Meadows, William C.,
|d 1966-
|
| 245 |
1 |
0 |
|a Kiowa Ethnogeography /
|c William C. Meadows.
|
| 250 |
|
|
|a 1st ed.
|
| 264 |
|
1 |
|a Austin :
|b University of Texas Press,
|c 2008.
|
| 264 |
|
3 |
|a Baltimore, Md. :
|b Project MUSE,
|c 2012
|
| 264 |
|
4 |
|c ©2008.
|
| 300 |
|
|
|a 1 online resource (366 pages):
|b ill., maps ;
|
| 336 |
|
|
|a text
|b txt
|2 rdacontent
|
| 337 |
|
|
|a computer
|b c
|2 rdamedia
|
| 338 |
|
|
|a online resource
|b cr
|2 rdacarrier
|
| 504 |
|
|
|a Includes bibliographical references (p. [325]-344) and index.
|
| 505 |
0 |
|
|a Native American ethnogeography and research -- Kiowa physical and cultural geography -- The Kiowa homeland -- Black goose's map of the Kiowa, Comanche, and Apache Reservation in Oklahoma Territory -- Contemporary Kiowa ethnogeography.
|
| 588 |
|
|
|a Description based on print version record.
|
| 650 |
|
0 |
|a Geographical perception
|z Great Plains.
|
| 650 |
|
0 |
|a Cultural property
|z Great Plains.
|
| 650 |
|
0 |
|a Names, Geographical
|x Social aspects
|z Great Plains.
|
| 650 |
|
0 |
|a Kiowa Indians
|x Social life and customs.
|
| 651 |
|
0 |
|a Great Plains
|x Social life and customs.
|
| 655 |
|
7 |
|a Electronic books.
|2 local
|
| 710 |
2 |
|
|a Project Muse.
|e distributor
|
| 830 |
|
0 |
|a Book collections on Project MUSE.
|
| 856 |
4 |
0 |
|z Texto completo
|u https://projectmuse.uam.elogim.com/book/3175/
|
| 945 |
|
|
|a Project MUSE - Custom Collection
|
| 945 |
|
|
|a Project MUSE - Archive Complete Foundation
|
| 945 |
|
|
|a Project MUSE - Archive Archaeology and Anthropology Foundation
|
| 945 |
|
|
|a Project MUSE - Archive Native American and Indigenous Studies Foundation
|